000
00311nam a2200133Ia 4500
008
190722s9999 xx 000 0 und d
020
_a
978-81-317-2323-4
100
_a
Richard T.Wright
245
0
_a
Environmental Science
250
_a
10th
260
_a
USA
_b
Pearson
_c
2014
300
_a
704
942
_c
BK
999
_c
1203
_d
1203